000 01463aam a2200385 i 4500
001 768714001
003 CO-MdFUSB
005 20241018101723.0
007 ta
008 241016t1991 ck ||||| |||| 00| 0 spa d
020 _a958-9030-09-X
040 _bspa
_cCO-MdFUSB
_dCO-MdFUSB
041 0 _aspa
082 0 4 _a572
_223
_bM357
100 _aMarquínez Argote, Germán,
_eautor
245 3 _aEl hombre latinoamericano y sus valores
_c/ German Marquínez Argote, Luis José González Álvarez, Eudoro Rodríguez Albarracín, Teresa Houghton Pérez, Francisco Beltrán Peña,
250 _aSexta edición
264 1 _bNueva América,
_aBogotá, Colombia :
_c[1991]
264 4 _c©1991
300 _a481 páginas
_c; 21 cm
336 _atexto
_btxt
_2rdacontent
337 _2rdamedia
_asin mediación
_bn
338 _2rdacarrier
_avolumen
_bnc
500 _aIncluye índice
505 _aHacia una teoría antifetichista y social de los valores. -- Valores éticos. -- Valores sociopolíticos. -- Valores religiosos. -- valores estéticos.
563 _aRústico
650 7 _aAntropología cultural y social
_2embne
_96714
650 7 _aÉtica social.
_9186
700 _aBeltrán Peña, Francisco,
_94355
_eautor
700 _aGonzález Alvarez, Luis José,
_91724
_eautor
700 _aHoughton Pérez, Teresa,
_910468
_eautor
700 _aRodríguez Albarracín, Eudoro ‎
_94359
_eautor
942 _cBK
945 _aCatherine Arias Alvarez
999 _c39954
_d39954